Insect pests of farm, garden and orchard. (Record no. 34560)

MARC details
000 -LEADER
fixed length control field 00365nam a2200145Ia 4500
082 ## - DEWEY DECIMAL CLASSIFICATION NUMBER
Classification number 632.7
Item number DAV
100 ## - MAIN ENTRY--AUTHOR NAME
Personal name DAVIDSON, Ralph
245 #0 - TITLE STATEMENT
Title Insect pests of farm, garden and orchard.
250 ## - EDITION STATEMENT
Edition statement Ed.7
260 ## - PUBLICATION, DISTRIBUTION, ETC. (IMPRINT)
Place of publication New York
Name of publisher Wiley
Year of publication 1956
650 ## - SUBJECT ADDED ENTRY--TOPICAL TERM
Topical Term Insect pests
700 ## - ADDED ENTRY--PERSONAL NAME
Personal name LYON, William F
942 ## - ADDED ENTRY ELEMENTS (KOHA)
Koha item type Books
Holdings
Withdrawn status Lost status Damaged status Not for loan Home library Current library Date acquired Full call number Accession Number Koha item type
        RRII Library RRII Library 16/12/2021 632.7 DAV 14990 Books